000
002560000a22000970004500
100
1
_a
Arteaga, José
245
1
0
_a
Seis décadas de genialidad : Lucho Bermúdez
300
_a
Vol. 48, Num. 48 (Mayo, 1994), Páginas 54-55
773
0
_t
Cambio 16
942
_c
ANA
999
_c
58439
_d
58439